000 00358nam a2200145Ia 4500
008 150201s2008 xx 000 0 und d
082 _a611
_bA08S
100 _aSINGH, INDERBIR
245 _aTEXTBOOK OF ANATOMY WITH COLOUR ATLAS
250 _a4TH
260 _bJAYPEE BROTHERS
_aDELHI
_c2008
300 _a1-1052
650 _aHUMAN ANATOMY
942 _2ddc
_cBK
_011
999 _c6
_d6